Capitales des régions d'Italie - Statistiques

Statistiques générales
  • Ce quiz a été pris 13 937 fois
  • Le résultat moyen est 11 sur 20
Statistiques - réponses
Région Capitale % Correct
Latium Rome
98%
Lombardie Milan (Milano)
95%
Vénétie Venise (Venezia)
92%
Piémont Turin (Torino)
91%
Campanie Naples (Napoli)
90%
Toscane Florence (Firenze)
87%
Sicile Palerme (Palermo)
78%
Ligurie Gênes (Genova)
68%
Emilie-Romagne Bologne (Bologna)
64%
Pouilles Bari
57%
Sardaigne Cagliari
56%
Vallée d'Aoste Aoste (Aosta)
48%
Frioul-Vénétie julienne Trieste
35%
Trentin-Haut-Adige Trente (Trento)
26%
Marches Ancône (Ancona)
20%
Ombrie Pérouse (Perugia)
18%
Abruzzes L'Aquila
16%
Calabre Catanzaro
14%
Molise Campobasso
13%
Basilicate Potenza
12%
Aucun quiz correspondant
Distribution des résultats
% des personnes avec chaque résultat
Percentile par nombre de réponses
Votre historique - résultats
Vous n’avez pas pris ce quiz